|
|
|
|
| LEADER |
00946nam a2200217 i 4500 |
| 001 |
misc74383 |
| 005 |
20231214145455.0 |
| 008 |
231211s1901 hu o 000 hun d |
| 040 |
|
|
|a SZTE Miscellanea Repozitórium
|b hun
|
| 041 |
|
|
|a hun
|
| 100 |
1 |
|
|a Bóbita Endre
|
| 245 |
1 |
0 |
|a Reáliskolai rövid természettan és természettani földrajz
|h [elektronikus dokumentum] :
|b a reáliskolák III. és IV. osztályai számára - II. rész : természettani földrajz a reáliskolák IV. osztálya számára /
|c Bóbita Endre
|
| 260 |
|
|
|a Lauffer Vilmos
|b Budapest
|c 1901
|
| 300 |
|
|
|a 96
|
| 561 |
|
|
|a Archív földrajztankönyvek
|
| 591 |
|
|
|a Dr. Szilassi Péter magángyűjteménye
|
| 650 |
|
4 |
|a Természettudományok
|
| 650 |
|
4 |
|a Föld- és kapcsolódó környezettudományok
|
| 695 |
|
|
|a Földrajz - középiskola - tankönyv
|
| 700 |
0 |
1 |
|a Gerevich Emil
|e aut
|
| 856 |
4 |
0 |
|u http://misc.bibl.u-szeged.hu/74383/1/foldrajz_tankonyv_075.pdf
|z Dokumentum-elérés
|